Harvest days : (Record no. 378699)
[ view plain ]
| 000 -LEADER | |
|---|---|
| fixed length control field | 02436nam a2200529 i 4500 |
| 001 - CONTROL NUMBER | |
| control field | 3319095 |
| 005 - DATE AND TIME OF LATEST TRANSACTION | |
| control field | 20221108153618.0 |
| 008 - FIXED-LENGTH DATA ELEMENTS--GENERAL INFORMATION | |
| fixed length control field | 220829s2022 maua b 000 0 eng d |
| 010 ## - LIBRARY OF CONGRESS CONTROL NUMBER | |
| LC control number | 2022936062 |
| 020 ## - INTERNATIONAL STANDARD BOOK NUMBER | |
| International Standard Book Number | 9781646866267 : |
| Terms of availability | $17.99 |
| 020 ## - INTERNATIONAL STANDARD BOOK NUMBER | |
| International Standard Book Number | 1646866266 : |
| Terms of availability | $17.99 |
| 020 ## - INTERNATIONAL STANDARD BOOK NUMBER | |
| International Standard Book Number | 9781646866274 |
| 020 ## - INTERNATIONAL STANDARD BOOK NUMBER | |
| Cancelled/invalid ISBN | 9781646867035 |
| 035 ## - SYSTEM CONTROL NUMBER | |
| System control number | (OCoLC)1344158042 |
| 035 ## - SYSTEM CONTROL NUMBER | |
| System control number | (OCoLC)on1344158042 |
| 035 ## - SYSTEM CONTROL NUMBER | |
| System control number | 3304591 |
| 040 ## - CATALOGING SOURCE | |
| Original cataloging agency | PABRO |
| Language of cataloging | eng |
| Description conventions | rda |
| Transcribing agency | PABRO |
| 050 #4 - LIBRARY OF CONGRESS CALL NUMBER | |
| Classification number | GT4975 |
| Item number | .D47 2022 |
| 082 04 - DEWEY DECIMAL CLASSIFICATION NUMBER | |
| Classification number | 394.2649 |
| Edition number | 23 |
| 092 ## - LOCALLY ASSIGNED DEWEY CALL NUMBER (OCLC) | |
| Classification number | children nonfiction |
| Item number | DePalma |
| 100 1# - MAIN ENTRY--PERSONAL NAME | |
| Personal name | DePalma, Kate, |
| Relator term | author. |
| 9 (RLIN) | 6449540 |
| 245 10 - TITLE STATEMENT | |
| Title | Harvest days : |
| Remainder of title | giving thanks around the world / |
| Statement of responsibility, etc | written by Kate DePalma ; illustrated by Martina Peluso. |
| 264 #1 - Production, Publication, Distribution, Manufacture, and Copyright Notice. | |
| Place of production, publication, distribution, manufacture | Concord, MA : |
| Name of producer, publisher, distributor, manufacturer | Barefoot Books, |
| Date of production, publication, distribution, manufacture, or copyr | [2022] |
| 300 ## - PHYSICAL DESCRIPTION | |
| Extent | 1 volume (unpaged) : |
| Other physical details | color illustrations ; |
| Dimensions | 26 cm |
| 336 ## - Content Type | |
| Content type term | text |
| 337 ## - Media type | |
| Media type term | unmediated |
| 338 ## - Carrier type | |
| Carrier type term | volume |
| 520 ## - SUMMARY, ETC. | |
| Summary, etc | Explore harvest festivals from around the globe! Lyrical, rhyming text and lush, detailed artwork from Italian artist Martina Peluso immerse young readers in some of the most ancient traditions in the world. Nine pages of rich, educational endnotes dive deep with more information about the 12 cultures explored in the book and invite young readers to ask questions about food and the labor that produces it. |
| 521 1# - TARGET AUDIENCE NOTE | |
| Target audience note | 5-8 |
| Source | Brodart. |
| 521 2# - TARGET AUDIENCE NOTE | |
| Target audience note | K-3 |
| Source | Brodart. |
| 650 #0 - SUBJECT ADDED ENTRY--TOPICAL TERM | |
| Topical term or geographic name as entry element | Thanksgiving Day |
| Form subdivision | Juvenile literature. |
| 9 (RLIN) | 5693997 |
| 650 #0 - SUBJECT ADDED ENTRY--TOPICAL TERM | |
| Topical term or geographic name as entry element | Harvest festivals |
| Form subdivision | Juvenile literature. |
| 9 (RLIN) | 5768547 |
| 650 #0 - SUBJECT ADDED ENTRY--TOPICAL TERM | |
| Topical term or geographic name as entry element | Festivals |
| Form subdivision | Juvenile literature. |
| 9 (RLIN) | 5803766 |
| 650 #1 - SUBJECT ADDED ENTRY--TOPICAL TERM | |
| Topical term or geographic name as entry element | Thanksgiving Day. |
| 650 #1 - SUBJECT ADDED ENTRY--TOPICAL TERM | |
| Topical term or geographic name as entry element | Harvest festivals. |
| 650 #1 - SUBJECT ADDED ENTRY--TOPICAL TERM | |
| Topical term or geographic name as entry element | Festivals. |
| 650 #7 - SUBJECT ADDED ENTRY--TOPICAL TERM | |
| Topical term or geographic name as entry element | JUVENILE NONFICTION / Holidays & Celebrations / Thanksgiving. |
| Source of heading or term | bisacsh |
| 9 (RLIN) | 5925910 |
| 650 #7 - SUBJECT ADDED ENTRY--TOPICAL TERM | |
| Topical term or geographic name as entry element | JUVENILE NONFICTION / Cooking & Food. |
| Source of heading or term | bisacsh |
| 9 (RLIN) | 5763175 |
| 650 #7 - SUBJECT ADDED ENTRY--TOPICAL TERM | |
| Topical term or geographic name as entry element | JUVENILE NONFICTION / Diversity & Multicultural. |
| Source of heading or term | bisacsh |
| 9 (RLIN) | 6377149 |
| 700 1# - ADDED ENTRY--PERSONAL NAME | |
| Personal name | Peluso, Martina, |
| Relator term | illustrator. |
| 9 (RLIN) | 6449025 |
| 942 ## - ADDED ENTRY ELEMENTS (KOHA) | |
| Source of classification or shelving scheme | Dewey Decimal Classification |
| Koha item type | BOOK |
| Withdrawn status | Lost status | Source of classification or shelving scheme | Damaged status | Not for loan | Collection code | Home library | Current library | Shelving location | Date acquired | Source of acquisition | Total Checkouts | Total Renewals | Full call number | Barcode | Date last seen | Date checked out | Cost, replacement price | Price effective from | Koha item type |
|---|---|---|---|---|---|---|---|---|---|---|---|---|---|---|---|---|---|---|---|
| Dewey Decimal Classification | Children NonFiction | Wasatch County Library | Wasatch County Library | Main Floor Childrens Area | 11/08/2022 | KidsReference | 8 | 6 | E Holiday DePalma | 34301001869025 | 11/15/2025 | 11/04/2025 | 17.99 | 11/08/2022 | BOOK | ||||
| Dewey Decimal Classification | Children NonFiction | Wasatch County Library | Wasatch County Library | Main Floor Childrens Area | 07/10/2023 | Rainbow Books | 6 | 5 | E Holiday DePalma | 34301002033217 | 12/02/2025 | 11/03/2025 | 17.99 | 07/10/2023 | BOOK |
